000
00299nam a22001337a 4500
008
170824b xxu||||| |||| 00| 0 eng d
020
_a
0273085298
041
_a
eng
080
_a
51
100
_a
38
101
_a
MAT
245
_a
AN APPROACH TO ALGEBRIC K-THEORY
_c
BERRICK,A.J
942
_2
udc
_c
BK
999
_c
24766
_d
24766